Podpůrný zemědělský úvěrový systém.

Možnosti vytvorenia podporného úverového systému v súlade s potrebami českého poľnohospodárstva a obmedzenými prostriedkami štátu. Forma pomoci štátu poľnohospodárstvu. Sprostredkovanie štátnej podpory do poľnohosp. Spôsob zainteresovanosti jednotlivých subjektov: poľnohospodári, obchodné banky, štá...

Description complète

Enregistré dans:
Détails bibliographiques
Auteur principal: Horčicová, M.
Format: Chapitre de livre
Langue:tchèque
Sujets:
Tags: Ajouter un tag
Pas de tags, Soyez le premier à ajouter un tag!

MARC

LEADER 00000naa a2200000 4500
001 r013029
005 20221213090037.1
041 0 |a cze 
044 |a SK 
245 1 0 |a Podpůrný zemědělský úvěrový systém.  |c M. Horčicová 
520 |a Možnosti vytvorenia podporného úverového systému v súlade s potrebami českého poľnohospodárstva a obmedzenými prostriedkami štátu. Forma pomoci štátu poľnohospodárstvu. Sprostredkovanie štátnej podpory do poľnohosp. Spôsob zainteresovanosti jednotlivých subjektov: poľnohospodári, obchodné banky, štátny rozpočet. Mechanizmus fungovania poľnohosp. podporného záručného a úverového systému. 
610 2 0 |a poľnohospodárstvo 
610 2 0 |a Čechy 
610 2 0 |a úver poľnohospodársky 
610 2 0 |a štát 
610 2 0 |a banky obchodné 
610 2 0 |a rozpočet štátny 
100 1 |a Horčicová, M.